Flags of the World A-Z Quiz Stats

 Plays Quiz Updated May 8, 2018

Also try: Pixelated Flags
Challenge
Share
Tweet
Score 0/24 Timer 06:00
3 Plays Today
% Correct
Denmark
97%
Belgium
95.7%
Japan
94.6%
Algeria
89.2%
New Zealand
89.1%
Egypt
87.2%
Qatar
86.5%
Iceland
85.4%
Yemen
82.5%
Haiti
81.1%
Oman
80.3%
Georgia
80%
% Correct
Fiji
79.9%
Vietnam
79.3%
Zimbabwe
78.2%
Uganda
77.5%
Panama
74.2%
Costa Rica
70.9%
Liberia
70.4%
Rwanda
69.1%
Kyrgyzstan
60.7%
Turkmenistan
56.6%
Seychelles
54.5%
Madagascar
48.4%

You're not logged in!

Compare scores with friends on all Sporcle quizzes.
OR
Log In

You Might Also Like...

Show Comments

Extras

Top Quizzes Today


Score Distribution

Your Account Isn't Verified!

In order to create a playlist on Sporcle, you need to verify the email address you used during registration. Go to your Sporcle Settings to finish the process.

Report this User

Report this user for behavior that violates our Community Guidelines.

Details: